Online
Catalog

L'humanite prehistorique : (Record no. 1429)

MARC details
000 -CABECERA
campo de control de longitud fija 00625cam a2200181 a 4500
001 - NÚMERO DE CONTROL
campo de control 000001526
005 - FECHA Y HORA DE LA ÚLTIMA TRANSACCIÓN
campo de control 20250730105807.0
008 - DATOS DE LONGITUD FIJA--INFORMACIÓN GENERAL
campo de control de longitud fija 770325s1921 fr ab 001 0 fre
010 ## - NÚMERO DE CONTROL DE LA BIBLIOTECA DEL CONGRESO
Número de control de LC 22009894
040 ## - FUENTE DE LA CATALOGACIÓN
Centro catalogador/agencia de origen DO-SdBNP
Lengua de catalogación spa
Centro/agencia transcriptor BNPHU
082 ## - NÚMERO DE LA CLASIFICACIÓN DECIMAL DEWEY
Número de clasificación uu.
Número de documento/Ítem M847h
100 1# - ENTRADA PRINCIPAL--NOMBRE DE PERSONA
Nombre de persona Morgan, Jacques Jean Marie de,
Fechas asociadas al nombre 1857-1924
9 (RLIN) 5018
245 12 - MENCIÓN DE TÍTULO
Título L'humanite prehistorique :
Resto del título esquisse de prehistoire generale /
Mención de responsabilidad, etc. Jacques de Morgan.
260 ## - PUBLICACIÓN, DISTRIBUCIÓN, ETC.
Lugar de publicación, distribución, etc. Paris :
Nombre del editor, distribuidor, etc. Renaissance du livre,
Fecha de publicación, distribución, etc. 1921.
300 ## - DESCRIPCIÓN FÍSICA
Extensión xix, 328 p. : ;
Dimensiones 21 cm.
440 #0 - MENCIÓN DE SERIE/PUNTO DE ACCESO ADICIONAL--TÍTULO
Título L'evolution de l'humanite, systhese collective. [1. section. II]
9 (RLIN) 5019
650 #0 - PUNTO DE ACCESO ADICIONAL DE MATERIA--TÉRMINO DE MATERIA
Término de materia o nombre geográfico como elemento de entrada Arqueología
9 (RLIN) 3985
Holdings
Estado de retiro Estado de pérdida Restricciones de uso No para préstamo Código de colección Localización permanente Ubicación/localización actual Ubicación en estantería Fecha de adquisición Número de inventario Total de préstamos Signatura topográfica completa Código de barras Fecha visto por última vez Precio válido a partir de Tipo de ítem Koha
        Monografías: Libros y Folletos General General Depósito 11.01.2012 LF1   uu. M847h 1526-20 25.06.2020 25.06.2020 Préstamo en sala

Powered by Koha